2017 NHL All-Stars - Statistics

General Stats
  • This quiz has been taken 357 times
  • The average score is 27 of 44
Answer Stats
Player Team Division % Correct
Auston Matthews Toronto Maple Leafs Atlantic
90%
Brad Marchand Boston Bruins Atlantic
90%
Patrick Kane Chicago Blackhawks Central
88%
Nikita Kucherov Tampa Bay Lightning Atlantic
86%
Sidney Crosby Pittsburgh Penguins Metro
86%
Alex Ovechkin Washington Capitals Metro
85%
Connor McDavid Edmonton Oilers Pacific
83%
Jonathan Toews Chicago Blackhawks Central
81%
Evgeni Malkin Pittsburgh Penguins Metro
80%
Carey Price Montreal Canadiens Atlantic
79%
Drew Doughty LA Kings Pacific
74%
Tyler Seguin Dallas Stars Central
74%
Erik Karlsson Ottawa Senators Atlantic
73%
Shea Weber Montreal Canadiens Atlantic
73%
PK Subban Nashville Predators Central
72%
Brent Burns San Jose Sharks Pacific
71%
John Tavares New York Islanders Metro
71%
Nathan Mackinnon Colorado Avalanche Central
71%
Victor Hedman Tampa Bay Lightning Atlantic
71%
Duncan Keith Chicago Blackhawks Central
70%
Tuukka Rask Boston Bruins Atlantic
69%
Braden Holtby Washington Capitals Metro
64%
Joe Pavelski San Jose Sharks Pacific
64%
Vladimir Tarasenko St Louis Blues Central
64%
Corey Crawford Chicago Blackhawks Central
62%
Johnny Gaudreau Calgary Flames Pacific
62%
Patrik Laine Winnipeg Jets Central
62%
Sergei Bobrovsky Columbus Blue Jackets Metro
61%
Martin Jones San Jose Sharks Pacific
58%
Seth Jones Columbus Blue Jackets Metro
58%
Taylor Hall New Jersey Devils Metro
56%
Devan Dubnyk Minnesota Wild Central
51%
Mike Smith Arizona Coyotes Pacific
51%
Ryan Suter Minnesota Wild Central
50%
Bo Horvat Vancouver Canucks Pacific
47%
Jeff Carter LA Kings Pacific
44%
Ryan Kesler Anaheim Ducks Pacific
39%
Cam Fowler Anaheim Ducks Pacific
35%
Wayne Simmonds Philadelphia Flyers Metro
35%
Ryan McDonagh New York Rangers Metro
33%
Justin Faulk Carolina Hurricanes Metro
31%
Kyle Okposo Buffalo Sabres Atlantic
27%
Vincent Trocheck Florida Panthers Atlantic
22%
Frans Nielsen Detroit Red Wings Atlantic
18%
No matching quizzes found
Score Distribution
Percent of People with Each Score
Percentile by Number Answered
Your Score History
You have not taken this quiz